000 00540nam a2200205Ia 4500
003 GCL
008 140319s9999 xx 000 0 ara d
040 _aGCL /
_cGCL
082 0 4 _a121.8
_bم ا
100 1 _aمحمد محمد بالروين
245 1 0 _aالانسان بين القيمة والنمطية /
_cمحمد محمد بالروين
300 _a176 ص
490 _a
650 0 4 _aالفلسفة
650 0 4 _aالحرية
650 0 4 _aالانا
650 0 4 _aالكون
650 0 4 _aالكذب
942 _2ddc
_cBK
999 _c39173
_d39173